Central Library OPAC University of Rajshahi

Administrative law / (Record no. 75311)

MARC details
000 -LEADER
fixed length control field 00832nam a2200277 a 4500
001 - CONTROL NUMBER
control field 75311
003 - CONTROL NUMBER IDENTIFIER
rucl marc code BD-RjUL
005 - DATE AND TIME OF LATEST TRANSACTION
control field 20211209082654.0
008 - FIXED-LENGTH DATA ELEMENTS--GENERAL INFORMATION
fixed length control field 19 s1988 nyu 001 0 eng d
020 ## - INTERNATIONAL STANDARD BOOK NUMBER
International Standard Book Number 0194424308
Terms of availability : 9.95
035 ## - SYSTEM CONTROL NUMBER
System control number (BD-RjUL)75529
040 ## - CATALOGING SOURCE
Original cataloging agency DLC
Transcribing agency DLC
Modifying agency DLC
-- (BD-RjUL)
Language of cataloging eng
041 ## - LANGUAGE CODE
Language code of text/sound track or separate title eng
082 00 - DEWEY DECIMAL CLASSIFICATION NUMBER
Classification number 342.064
Edition number 23
Author mark and year WAA 1988
100 1# - MAIN ENTRY--PERSONAL NAME
Personal name Wade, H.W.R
9 (RLIN) 17544
245 00 - TITLE STATEMENT
Title Administrative law /
Statement of responsibility, etc. Wade, H.W.R
250 ## - EDITION STATEMENT
Edition statement ELBS edition of Six edition
260 ## - PUBLICATION, DISTRIBUTION, ETC. (IMPRINT)
Place of publication, distribution, etc. Oxford :
Name of publisher, distributor, etc. English Language book Society / Oxford University ,
Date of publication, distribution, etc. 1988
300 ## - PHYSICAL DESCRIPTION
Pagination lxxi, 1028 p. ;
Size 24 cm.
504 ## - BIBLIOGRAPHY, ETC. NOTE
Bibliography, etc Includes Index
650 #0 - SUBJECT ADDED ENTRY--TOPICAL TERM
Topical term or geographic name as entry element Administrative law
Geographic subdivision United States
General subdivision Outlines, syllabi, etc.
9 (RLIN) 17546
700 1# - ADDED ENTRY--PERSONAL NAME
Personal name ,
942 ## - ADDED ENTRY ELEMENTS (KOHA)
Source of classification or shelving scheme Dewey Decimal Classification
Koha item type Books
Holdings
Lost status Source of classification or shelving scheme Damaged status Not for loan Collection code Permanent Location Current Location Shelving location Date acquired Source of acquisition Cost, normal purchase price Total Checkouts Full call number Date last seen Copy number Koha item type
  Dewey Decimal Classification   Not For Loan Non-fiction Central Library, University of Rajshahi Central Library, University of Rajshahi Reading Room 14/08/1994 Aligarh Libraty Dhaka 9.95   342.064 WAA 1988 16/02/2019 C-1 Books